000 00649 a2200193 4500
999 _c1153
_d1153
020 _a0908307403
050 0 0 _aGR358.6
100 1 _aChavunduka, G. L.
245 1 0 _aTraditional medicine in modern Zimbabwe /
_cGordon L. Chavunduka.
264 _aHarare:
_bUniversity of Zimbabwe Publications,
_cc1994
300 _aix, 115 p. ;
500 _aincludes index
504 _aIncludes bibliographical references (p. 110-112).
650 0 _aTraditional medicine
650 0 _aWitchcraft
651 0 _aZimbabwe
942 _2lcc
_cBK
_h358.6
_iCHA
_kGR